Statistics for Largest U.S. Cities Containing A - Z

Click here to take the quiz!

General Stats

  • This quiz has been taken 62 times
  • The average score is 26 of 32

Answer Stats

Hint Answer % Correct
ENew York
100%
ALos Angeles
100%
CChicago
98%
D (city proper)Philadelphia
98%
THouston
94%
B (metro area)Boston
92%
D (metro area)Dallas
92%
FSan Francisco
90%
M (metro area)Miami
88%
P (city proper)Phoenix
84%
V (city proper)Jacksonville
76%
QAlbuquerque
63%
JSan Jose
61%
B (city proper)Columbus
47%
V (metro area)Riverside
12%
Z (metro area)Kalamazoo
6%
Z (city proper)Elizabeth
2%

Score Distribution

Percentile by Number Answered

Percent of People with Each Score

Your Score History

You have not taken this quiz